<?xml version="1.0" encoding="UTF-8"?>
<record
    xmlns:xsi="http://www.w3.org/2001/XMLSchema-instance"
    xsi:schemaLocation="http://www.loc.gov/MARC21/slim http://www.loc.gov/standards/marcxml/schema/MARC21slim.xsd"
    xmlns="http://www.loc.gov/MARC21/slim">

  <leader>00732nam a22002417a 4500</leader>
  <controlfield tag="003">OSt</controlfield>
  <controlfield tag="005">20140310182336.0</controlfield>
  <controlfield tag="008">130925t        xxu||||| |||| 00| 0 eng d</controlfield>
  <datafield tag="020" ind1=" " ind2=" ">
    <subfield code="a">9781405844123 </subfield>
  </datafield>
  <datafield tag="050" ind1=" " ind2=" ">
    <subfield code="a">QA 11.154 </subfield>
    <subfield code="b">.St896h 2008</subfield>
  </datafield>
  <datafield tag="100" ind1=" " ind2=" ">
    <subfield code="a">Straker, Anita.</subfield>
    <subfield code="9">21533</subfield>
  </datafield>
  <datafield tag="245" ind1=" " ind2=" ">
    <subfield code="a">Exploring maths 3 : </subfield>
    <subfield code="b">home book / </subfield>
    <subfield code="c">Anita  Straker.</subfield>
  </datafield>
  <datafield tag="260" ind1=" " ind2=" ">
    <subfield code="a">Great Britain, Scotprint : </subfield>
    <subfield code="b">Pearson Longman, </subfield>
    <subfield code="c">c2008.</subfield>
  </datafield>
  <datafield tag="300" ind1=" " ind2=" ">
    <subfield code="a">iv. 111 p. :</subfield>
    <subfield code="b">ill. col. ;</subfield>
    <subfield code="c">27 cm.</subfield>
  </datafield>
  <datafield tag="500" ind1=" " ind2=" ">
    <subfield code="a">colored </subfield>
  </datafield>
  <datafield tag="651" ind1=" " ind2=" ">
    <subfield code="a">Measurements</subfield>
    <subfield code="x">mathematics </subfield>
    <subfield code="9">21573</subfield>
  </datafield>
  <datafield tag="651" ind1=" " ind2=" ">
    <subfield code="a">Equations</subfield>
    <subfield code="x">mathematics</subfield>
    <subfield code="9">21574</subfield>
  </datafield>
  <datafield tag="651" ind1=" " ind2=" ">
    <subfield code="a">Mathematical formulas</subfield>
    <subfield code="x">Formula</subfield>
    <subfield code="x">Formulae </subfield>
    <subfield code="9">21575</subfield>
  </datafield>
  <datafield tag="942" ind1=" " ind2=" ">
    <subfield code="2">lcc</subfield>
    <subfield code="c">BK-TR</subfield>
  </datafield>
  <datafield tag="999" ind1=" " ind2=" ">
    <subfield code="c">12060</subfield>
    <subfield code="d">12060</subfield>
  </datafield>
  <datafield tag="952" ind1=" " ind2=" ">
    <subfield code="0">0</subfield>
    <subfield code="1">0</subfield>
    <subfield code="2">lcc</subfield>
    <subfield code="4">0</subfield>
    <subfield code="a">LUX</subfield>
    <subfield code="b">LUX</subfield>
    <subfield code="c">TR</subfield>
    <subfield code="d">2013-09-25</subfield>
    <subfield code="l">0</subfield>
    <subfield code="o">QA 11.154  .St896h 2008</subfield>
    <subfield code="p">19529</subfield>
    <subfield code="r">2013-09-25 00:00:00</subfield>
    <subfield code="t">1</subfield>
    <subfield code="w">2013-09-25</subfield>
    <subfield code="y">BK</subfield>
  </datafield>
  <datafield tag="952" ind1=" " ind2=" ">
    <subfield code="0">0</subfield>
    <subfield code="1">0</subfield>
    <subfield code="2">lcc</subfield>
    <subfield code="4">0</subfield>
    <subfield code="a">LUX</subfield>
    <subfield code="b">LUX</subfield>
    <subfield code="c">TR</subfield>
    <subfield code="d">2013-09-25</subfield>
    <subfield code="l">0</subfield>
    <subfield code="o">QA 11.154  .St896h 2008</subfield>
    <subfield code="p">19530</subfield>
    <subfield code="r">2013-09-25 00:00:00</subfield>
    <subfield code="t">2</subfield>
    <subfield code="w">2013-09-25</subfield>
    <subfield code="y">BK</subfield>
  </datafield>
  <datafield tag="952" ind1=" " ind2=" ">
    <subfield code="0">0</subfield>
    <subfield code="1">0</subfield>
    <subfield code="2">lcc</subfield>
    <subfield code="4">0</subfield>
    <subfield code="a">LUX</subfield>
    <subfield code="b">LUX</subfield>
    <subfield code="c">TR</subfield>
    <subfield code="d">2013-09-25</subfield>
    <subfield code="l">0</subfield>
    <subfield code="o">QA 11.154  .St896h 2008</subfield>
    <subfield code="p">19531</subfield>
    <subfield code="r">2013-09-25 00:00:00</subfield>
    <subfield code="t">3</subfield>
    <subfield code="w">2013-09-25</subfield>
    <subfield code="y">BK</subfield>
  </datafield>
</record>
